Statystyki dla Rozpoznaj państwo po zdjęciu #10

Kliknij tutaj aby rozwiązać quiz!

Ogólne statystyki

  • Ten quiz został rozwiązany 32 razy
  • Średni wynik to 3 z 10

Statystyki odpowiedzi

Odpowiedź% Poprawnych
Bhutan
62%
Paragwaj
58%
Belgia
54%
Azerbejdżan
35%
Mozambik
31%
Oman
27%
Senegal
27%
Ghana
23%
Serbia
19%
Bahamy
12%

Rozkład punktacji

Percentyl według liczby udzielonych odpowiedzi

Procent ludzi z każdym wynikiem

Twoja historia wyników

Nie rozwiązałeś tego quizu